MDQL
is popping MORE tags! Check the
thread
!
Quizzes
Events
Quiz Creation
Community
Videos
Private Events
Remove Ads
Sign In
Join for FREE
Feedback
Dark Mode
Quiz Categories
Sports
Geography
Music
Movies
Television
Just For Fun
Miscellaneous
History
Literature
Language
Science
Gaming
Entertainment
Religion
Holiday
For Kids
Quiz Lab
Recent
Popular Today
Quiz Kudos Today
Editor Picks
Curator Picks
Quizzes by...
Day
Popularity
Type
Ratings
Length
Year
Community
Subscriptions
Recent Discussions
Orange Saloon
Badges
Playlists
Quests
Create
Leaderboards
Showdown
Live 5
Trivia Bingo
Activity
Puzzle Library
Sporcle Events
Private Events
Virtual Trivia
Globe League
Become a Host
Pub Owners
SporcleCon
Opinionation
Our Games
Videos
Blog
Mobile Apps
Partnerships
Remove Ads and Go Orange
Feedback
Geography
Country
Landmarks
City
State
Population
World
Capital
Continent
Flags
Europe
Africa
Asia
South America
North America
Oceania
Border
Canada
United Kingdom
Topography
United States
Geography
Country
Landmarks
City
State
Population
World
Capital
Continent
Flags
Europe
Africa
Asia
South America
North America
Oceania
Border
Canada
United Kingdom
Topography
United States
Random Quiz
Search Sporcle
×
Editor Pick
Editor Pick
Geography
Population
Type in answers that appear in a list
Type in answers that appear in a list
Classic
Best Score? Go Orange.
Order the Continents I Stats
Can you name the continents in the correct order for each of the following categories?
By
quizace
3m
42 Questions
6,866 Plays
6,866 Plays
6,866 Plays
Comments
Comments
Give Quiz Kudos
Give Quiz Kudos
-
- Ratings
hide this ad
More Info
Forced Order
Answers have to be entered in order
Answers have to be entered in order
Replay
Link that replays current quiz
Next Quiz
Link to next quiz in quiz playlist
You Got
0%
They Got
Avg Score
76%
Avg Friend Score
Upgrade to see
Score Distribution
Jump to the score distribution portion of the page
Score
0/42
Timer
03:00
0
Plays Today
Category
Continent
% Correct
Area
Asia (44,579,000 sq km)
99.3%
Area
Africa (30,065,000 sq km)
97.4%
Area
North America (24,256,000 sq km)
96.5%
Area
South America (17,819,000 sq km)
96.1%
Population
Asia (3,879,000,000)
91.9%
Area
Europe (9,938,000 sq km)
91.6%
Population
Africa (877,500,000)
90.6%
Population
Europe (727,000,000)
89.6%
Population
North America (501,500,000)
89.2%
Population
South America (379,500,000)
89%
Area
Antarctica (13,209,000 sq km)
88.6%
Population Density
Asia (89/km2)
86.4%
Area
Oceania (7,687,000 sq km)
85.5%
Population
Antarctica (0)
85.2%
Population Density
Europe (70/km2)
84.8%
Population
Oceania (32,000,000)
84.6%
Number of Countries
Africa (53)
83.8%
Number of Countries
Asia (48)
82.9%
Population Density
Africa (30.51/km2)
82.7%
Number of Countries
Europe (47)
82.1%
Population Density
North America (22.9/km2)
82%
Category
Continent
% Correct
Population Density
South America (21.4/km2)
81.5%
Population Density
Antarctica (0/km2)
79.9%
Number of Countries
North America (23)
79.8%
Population Density
Oceania (4.2/km2)
78.9%
Number of Countries
South America (12)
76.8%
Number of Countries
Oceania (14)
76.4%
Number of Countries
Antarctica (0)
74.7%
GDP (PPP)
Asia ($24.077 trillion)
72%
GDP (PPP)
Europe ($18.140 trillion)
69.7%
GDP (PPP)
North America ($16.981 trillion)
68.4%
GDP (PPP)
South America ($4.061 trillion)
66.2%
GDP (PPP)
Africa ($2.200 trillion)
64.3%
GDP (PPP)
Oceania ($720 billion)
62.7%
GDP (PPP)
Antarctica ($0)
62.3%
GDP per Capita (PPP)
Europe ($27,383)
60.6%
GDP per Capita (PPP)
North America ($25,263)
58.4%
GDP per Capita (PPP)
Oceania ($22,647)
52.6%
GDP per Capita (PPP)
South America ($10,406)
49.9%
GDP per Capita (PPP)
Asia ($7,041)
47.5%
GDP per Capita (PPP)
Africa ($1,968)
45.3%
GDP per Capita (PPP)
Antarctica ($0)
44.4%
Quiz Playlist
Details
Report
Send in Message
Add To Playlist
More Info:
**Note: Oceania is the accepted answer for the Pacific region that includes Australia.
Classic:
Type in answers that appear in a list
Forced Order:
Answers have to be entered in order
Quiz Source
Last Updated: Apr 20, 2017
Editor Pick in
Geography
Quiz Scoreboard
CHALLENGE
Sign Up to Join the Scoreboard
Show All
Scores
Hide
Comments
May contain spoilers
Recently Published
Holiday 10x10 Sorting Gallery
by lukepisani3
Holiday
15m
Two Season TV Shows II
by 123Four
Television
10m
Image Sorting: Flags VI
by Barbecue
Geography
2m
More to Explore
Quiz From the Vault
Featured Blog Post
14 Easter Pick-up Lines to Find Eggs With
hide this ad
You Might Also Like...
Tags
Continent Quiz
Country Quiz
Population Quiz
area
Category
gdp
Per Capita
Population Density
Today's Top Quizzes in Geography
Browse Geography
hide this ad
Today's Top Quizzes in Population
Browse Population
Top Contributed Quizzes in Geography
1
Colored Red Europe Blitz I
2
Countries of the World - No Outlines Minefield
3
Colored Red Africa Blitz II
4
Colored Red Europe Blitz II
5
Colored Red Europe Blitz III
6
Colored Red Africa Blitz III
7
Colored Red States Blitz I
8
A Different View: World Oceans
9
Colored Red States Blitz II
10
Colored Red States Blitz III
Explore More
Trending Topics
Kpop
Harry Potter
Anime
Disney
NBA
Marvel
Crossword
Country
Soccer
Pokémon
NFL
Song
Puzzle
The Office
WWE
hide this ad
More By:
quizace
Quiz
Plays
Rating
Category
Featured
Created
Tallest Building Cities (US)
197,060
4.56
Geography
Jul 3, 2011
NOT American History
120,496
3.97
History
May 4, 2011
American Control
118,482
4.14
History
Apr 12, 2011
Driest Countries
99,830
4.57
Geography
Jul 17, 2010
Historical Economy Size
95,577
4.30
History
Dec 25, 2010
Go to Creator's Profile
Score Distribution
Quiz Creator Spotlight
quizace
Follow
Send a Message
Quizzes Created
-
Created Quiz Play Count
-
More By This Creator
Popular Quizzes Today
1
Find the US States - No Outlines Minefield
2
Colored Red Africa Blitz
3
Find the 'City' Movie
4
The Countries of the World
5
Find the US States
6
5x2 Blitz: Bands
7
Find the Countries of Europe - No Outlines Minefield
8
US States
More Geography Quizzes
Postcards from the Stadium
Quiz Lab
Trending Quizzes
Colored Red Europe Blitz I
Colored Red Europe Blitz II
Colored Red Africa Blitz II
Colored Red Europe Blitz III
Colored Red Africa Blitz III
Recently Updated
Odd Team Out - Big 4 Players
pecheneg
Quick Pick: 20 Twenties
pecheneg
March Madness Men's Triple Doubles
pecheneg
How Do You Spell That?
pecheneg
Godzilla Movies
pecheneg
Grab Bag: 4-10 Letters
pecheneg
2024 March Madness Bracket
pecheneg
Famous TV Couples
Peacemaker
Champions League XIs: Real Madrid
pecheneg
Largest US Cities 1790-2010
pecheneg
Trending Topics
Kpop
Marvel
Anime
Disney
Crossword
NBA
Harry Potter
Country
Puzzle
WWE
The Office
Soccer
Pokémon
Song
NFL
Your Account Isn't Verified!
In order to create a playlist on Sporcle, you need to verify the email address you used during registration. Go to your
Sporcle Settings
to finish the process.
Report this User
Report this user for behavior that violates our
Community Guidelines
.
Details:
Send Report
Go to the Sporcle.com Mobile Site →
Comments